000 00615nam a2200205 i 4500
001 145228
003 ES-MaACL
005 20231207063033.0
007 t|
008 070214s1964 sp r ||||1| spa d
080 _a821.134.2-31"19"
100 1 _aSouvirón, José María
_d1904-1973
_9107605
245 1 3 _aUn hombre y unas mujeres /
_cJosé María Souviron.
260 _aMadrid :
_bFermín Uriarte,
_c1964.
300 _a283 p. ;
_c21 cm.
490 1 _aNovela europea contemporánea
830 1 _aNovela europea contemporánea
_9183312
852 4 _aES-MaACL
_jC-26021
999 _c145228
_d145228